La cueca: nuestra danza nacional. Un enfoque metodológico para su enseñanza y aprendizaje

שמור ב:
מידע ביבליוגרפי
מחבר ראשי: Gajardo Escobar, Pedro (Author)
פורמט: ספר
שפה:ספרדית
יצא לאור: Santiago Ministerio de educación 1980
סדרה:D-1
נושאים:
תגים: הוספת תג
אין תגיות, היה/י הראשונ/ה לתייג את הרשומה!

MARC

LEADER 00000nam a2200000 a 4500
001 UCH7168
003 CL-VaPUC
008 091109e19800000CL |||||||||||||||||spa|d
082 0 4 |a 793.31  |b GAJ  |2 21 
100 0 |a Gajardo Escobar, Pedro  |e author  |9 543595 
245 1 3 |a La cueca: nuestra danza nacional. Un enfoque metodológico para su enseñanza y aprendizaje 
300 |a 35 p 
942 |c BK 
945 |d 20091109 00:00:00  |a ccalabra 
260 |a Santiago  |b Ministerio de educación  |c 1980 
650 7 |a FOLKLORE  |2 CL-VaPUC  |9 268291 
650 0 |a Folklore chileno  |9 265536 
650 0 |a Bailes folkloricos  |9 409912 
650 0 |a Costumbres y tradiciones   |9 268292 
651 7 |a CHILE  |2 CL-VaPUC  |9 543596 
583 |a last modification  |c 20091109 00:00:00  |k Rodrigo Vera 
490 0 |a D-1 
999 |c 337851  |d 337849